Η ελευθερία των ορίων : από την αρχαία Ελλάδα στην εποχή της κλιματικής αλλαγής
Saved in:
| Main Author: | |
|---|---|
| Format: | Book |
| Language: | Greek English |
| Published: |
Ηράκλειο :
Πανεπιστημιακές Εκδόσεις Κρήτης,
c2022.
|
| Series: | Ο κοινός λόγος (Πανεπιστημιακές Εκδόσεις Κρήτης)
; 10 |
| Subjects: | |
| Tags: |
Add Tag
No Tags, Be the first to tag this record!
|
MARC
| LEADER | 00000nam a2200000 a 4500 | ||
|---|---|---|---|
| 001 | 1/125906 | ||
| 008 | 230119s2022####gr | ||| |||| ||gre|| | ||
| 020 | |a 9789605248833 | ||
| 040 | |a GR-MyUa |b gre |c GR-MyUa |e AACR2 | ||
| 041 | 1 | |a gre |h eng | |
| 082 | 7 | |a 338.9 |2 (23) | |
| 100 | 1 | |a Kallis, Giorgos. | |
| 245 | 1 | 2 | |a Η ελευθερία των ορίων : |b από την αρχαία Ελλάδα στην εποχή της κλιματικής αλλαγής / |c Γιώργος Καλλής ; μετάφραση Άγγελος Φιλιππάτος. |
| 260 | |a Ηράκλειο : |b Πανεπιστημιακές Εκδόσεις Κρήτης, |c c2022. | ||
| 300 | |a 196 σ. ; |c 21 εκ. | ||
| 490 | 1 | |a (Ο κοινός λόγος ; |v 10) | |
| 500 | |a Τίτλος πρωτοτύπου: Limits : why Malthus was wrong and why environmentalists should care. | ||
| 504 | |a Βιβλιογραφία: σ. 179-186. | ||
| 650 | 0 | |a Sustainability. | |
| 650 | 0 | |a Resource allocation. | |
| 650 | 0 | |a Environmentalism |x Social aspects. | |
| 830 | 2 | |a Ο κοινός λόγος (Πανεπιστημιακές Εκδόσεις Κρήτης) |v ; 10 | |
| 852 | |a INST |b LESVOS |c EUDOXUS |e 20230119 |h 338.9 KAL |p 005100063935 |q 005100063935 |t EDX |y 0 | ||
| 920 | |a Εύδοξος |b Παραγγελία |y Λέσβος-ΤΠ |z 2023-01 | ||
| 970 | |a Καμάτσου |b Δέσποινα |z 19-01-2023 | ||